[Event "Naestved Unichess 2"]
[Site "Naestved"]
[Date "1996.10.19"]
[Round "4"]
[White "Eckert, Svend"]
[Black "Svava, Mogens"]
[Result "1-0"]
[WhiteElo "1759"]
[BlackElo "1569"]
[PlyCount "37"]
[EventDate "1996.10.12"]
[EventType "swiss"]
[EventRounds "5"]
[EventCountry "DEN"]
[SourceTitle "EXT 2023"]
[Source "ChessBase"]
[SourceDate "2022.10.05"]
[SourceVersion "1"]
[SourceVersionDate "2022.10.05"]
[SourceQuality "1"]

1. e4 c5 2. c3 e6 3. d4 cxd4 4. cxd4 Nf6 5. Nc3 Bb4 6. Bd3 h6 7. Nge2 a6 8. 0-0 0-0 9. Be3 d5 10. Ng3 Bd7 11. e5 Ne8 12. Qg4 f5 13. Qg6 Kh8 14. Nh5 Qe7 15. Nf4 Qf7 16. g4 Nc7 17. g5 hxg5 18. Qxg5 Be7 19. Ng6+ 1-0

[Event "Lovsprings op 08th C"]
[Site "Ringsted"]
[Date "1996.03.29"]
[Round "4"]
[White "Kroyer, Stefan M"]
[Black "Svava, Mogens"]
[Result "1/2-1/2"]
[WhiteElo "1497"]
[BlackElo "1598"]
[PlyCount "65"]
[EventDate "1996.03.08"]
[EventType "swiss"]
[EventRounds "7"]
[EventCountry "DEN"]
[SourceTitle "EXT 2023"]
[Source "ChessBase"]
[SourceDate "2022.10.05"]
[SourceVersion "1"]
[SourceVersionDate "2022.10.05"]
[SourceQuality "1"]

1. d4 d5 2. c4 c6 3. Nc3 Nf6 4. Nf3 Bg4 5. e3 e6 6. cxd5 exd5 7. Be2 Nbd7 8. Bd2 Bd6 9. Ng5 Bxe2 10. Qxe2 h6 11. Nf3 Qe7 12. a3 a5 13. 0-0 0-0 14. Rab1 b5 15. Rfc1 Rfc8 16. Qe1 Nb6 17. Nh4 g6 18. Nf3 Nc4 19. Qe2 b4 20. axb4 axb4 21. Nd1 Nxd2 22. Nxd2 c5 23. dxc5 Bxc5 24. Nb3 Bd6 25. Rxc8+ Rxc8 26. Nd4 Qe4 27. Ra1 Be5 28. Qa6 Re8 29. Nf3 Kg7 30. Rc1 Re6 31. Qb5 Bd6 32. b3 Ng4 33. Qe2 1/2-1/2

[Event "Lovfalds 09th B"]
[Site "Ringsted"]
[Date "1995.09.10"]
[Round "5"]
[White "Svava, Mogens"]
[Black "Hansen, Jens Hjorth"]
[Result "0-1"]
[WhiteElo "1586"]
[BlackElo "1831"]
[PlyCount "74"]
[EventDate "1995.09.08"]
[EventType "tourn"]
[EventRounds "5"]
[EventCountry "DEN"]
[SourceTitle "EXT 2023"]
[Source "ChessBase"]
[SourceDate "2022.10.05"]
[SourceVersion "1"]
[SourceVersionDate "2022.10.05"]
[SourceQuality "1"]

1. f4 e5 2. fxe5 d6 3. Nf3 Nc6 4. exd6 Bxd6 5. g3 Nf6 6. d3 0-0 7. e4 Re8 8. Nc3 Bg4 9. Be2 Qd7 10. Bg5 Qe6 11. Qd2 Rad8 12. a3 b5 13. Be3 b4 14. Nb5 Nxe4 15. Nfd4 Nxd4 16. Nxd4 Qg6 17. dxe4 Qxe4 18. 0-0-0 Bxe2 19. Nxe2 bxa3 20. b3 a2 21. Kb2 Ba3+ 22. Kxa3 Rxd2 23. Bxd2 Qxe2 24. Kxa2 f6 25. Kb1 Qb5 26. Bc3 a5 27. Rd3 a4 28. Rhd1 axb3 29. cxb3 Qxb3+ 30. Bb2 Qb5 31. Rd7 c5 32. Ra7 Rb8 33. Rd2 c4 34. Rc7 Qb3 35. Rc2 Rb4 36. Rd2 h6 37. Rc2 Qd3 0-1

[Event "Lovfalds 09th B"]
[Site "Ringsted"]
[Date "1995.09.09"]
[Round "2"]
[White "Mouritsen, Jan"]
[Black "Svava, Mogens"]
[Result "1/2-1/2"]
[WhiteElo "1600"]
[BlackElo "1586"]
[PlyCount "74"]
[EventDate "1995.09.08"]
[EventType "tourn"]
[EventRounds "5"]
[EventCountry "DEN"]
[SourceTitle "EXT 2023"]
[Source "ChessBase"]
[SourceDate "2022.10.05"]
[SourceVersion "1"]
[SourceVersionDate "2022.10.05"]
[SourceQuality "1"]

1. d4 d5 2. c4 c6 3. cxd5 cxd5 4. Nf3 Nc6 5. Nc3 e6 6. Bf4 Bd6 7. Bxd6 Qxd6 8. e3 Nf6 9. Bd3 0-0 10. 0-0 Rd8 11. a3 b6 12. Rc1 Bb7 13. h3 Rac8 14. g4 g6 15. Nb5 Qb8 16. Nc3 e5 17. dxe5 Nxe5 18. Nxe5 Qxe5 19. Re1 Ne4 20. Bxe4 dxe4 21. Qc2 h5 22. Qe2 Qg5 23. Kh1 hxg4 24. Qxg4 Qxg4 25. hxg4 Kg7 26. Kg2 f5 27. gxf5 gxf5 28. Red1 Rf8 29. Nb5 Kf6 30. Rxc8 Bxc8 31. Nxa7 Rg8+ 32. Kf1 Ba6+ 33. Ke1 Bd3 34. Nc6 Rg1+ 35. Kd2 Rg2 36. Ke1 Rg1+ 37. Kd2 Rg2 1/2-1/2

[Event "Lovfalds 09th B"]
[Site "Ringsted"]
[Date "1995.09.08"]
[Round "1"]
[White "Svava, Mogens"]
[Black "Jorgensen, Mikkel"]
[Result "1/2-1/2"]
[WhiteElo "1586"]
[BlackElo "1562"]
[PlyCount "55"]
[EventDate "1995.09.08"]
[EventType "tourn"]
[EventRounds "5"]
[EventCountry "DEN"]
[SourceTitle "EXT 2023"]
[Source "ChessBase"]
[SourceDate "2022.10.05"]
[SourceVersion "1"]
[SourceVersionDate "2022.10.05"]
[SourceQuality "1"]

1. Nf3 c6 2. g3 d5 3. d4 Nf6 4. Bg2 Bf5 5. 0-0 Nbd7 6. Re1 e6 7. Nbd2 Bd6 8. Nh4 Bg6 9. e4 dxe4 10. Nxg6 hxg6 11. Nxe4 Nxe4 12. Bxe4 Qc7 13. d5 cxd5 14. Bxd5 0-0-0 15. Bg2 Ne5 16. Qe2 Nc6 17. Be3 Kb8 18. a3 Rh5 19. f4 Rdh8 20. h3 e5 21. Rf1 exf4 22. Bxf4 Bxf4 23. Rxf4 g5 24. Re4 Qxg3 25. Re3 Qf4 26. Rf1 Qd4 27. c3 Qd7 28. Rd1 1/2-1/2

[Event "Lovfalds 08th D"]
[Site "Ringsted"]
[Date "1994.09.09"]
[Round "2"]
[White "Svava, Mogens"]
[Black "Pedersen, Jens Peter Fischer"]
[Result "0-1"]
[WhiteElo "1578"]
[BlackElo "1579"]
[PlyCount "102"]
[EventDate "1994.09.02"]
[EventType "tourn"]
[EventRounds "5"]
[EventCountry "DEN"]
[SourceTitle "EXT 2023"]
[Source "ChessBase"]
[SourceDate "2022.10.05"]
[SourceVersion "1"]
[SourceVersionDate "2022.10.05"]
[SourceQuality "1"]

1. Nf3 f5 2. d4 e6 3. c4 Nf6 4. a3 b6 5. Nc3 Bb7 6. e3 Be7 7. Be2 0-0 8. 0-0 Ne4 9. Qc2 d6 10. Nd2 Nxd2 11. Bxd2 Nd7 12. f4 Rf6 13. Bf3 Qc8 14. e4 c5 15. d5 exd5 16. exd5 Ba6 17. Rfe1 Rf7 18. Be2 Nf6 19. Bd3 g6 20. Re2 Ng4 21. Rae1 Qd7 22. h3 Nf6 23. Qa4 Qxa4 24. Nxa4 Kf8 25. Re3 Nh5 26. Rf1 Rc8 27. b3 Bb7 28. Nc3 a6 29. Ne2 b5 30. cxb5 axb5 31. Bxb5 Bxd5 32. Bd7 Rc7 33. Be6 Bxe6 34. Rxe6 d5 35. Nc3 Nf6 36. Nb5 Rb7 37. a4 Ne4 38. Ba5 Rf6 39. Re5 d4 40. Rd5 Re6 41. g4 fxg4 42. hxg4 Nf6 43. Re5 Ra6 44. Bc7 Nxg4 45. Re2 Ne3 46. Rf3 Rf6 47. Be5 Rf5 48. Bxd4 cxd4 49. Nxd4 Rf6 50. Rfxe3 Bc5 51. Re4 Rd6 0-1

[Event "Lovsprings op 06th D"]
[Site "Ringsted"]
[Date "1994.04.24"]
[Round "4"]
[White "Svava, Mogens"]
[Black "Petersen, Torben William"]
[Result "0-1"]
[WhiteElo "1487"]
[BlackElo "1438"]
[PlyCount "46"]
[EventDate "1994.03.27"]
[EventType "swiss"]
[EventRounds "7"]
[EventCountry "DEN"]
[SourceTitle "EXT 2023"]
[Source "ChessBase"]
[SourceDate "2022.10.05"]
[SourceVersion "1"]
[SourceVersionDate "2022.10.05"]
[SourceQuality "1"]

1. d4 d5 2. c4 e6 3. Nc3 Nf6 4. Bg5 Nbd7 5. e3 c6 6. Nf3 Bb4 7. a3 Bxc3+ 8. bxc3 Qa5 9. Qb3 Ne4 10. Rc1 Nxg5 11. Nxg5 dxc4 12. Bxc4 Qxg5 13. 0-0 0-0 14. f4 Qe7 15. Bd3 Nf6 16. e4 b6 17. a4 Bb7 18. Qc2 h6 19. h3 c5 20. Rfe1 cxd4 21. cxd4 Rac8 22. Qf2 Rxc1 23. Rxc1 Nxe4 0-1

[Event "Lovsprings op 05th D"]
[Site "Ringsted"]
[Date "1993.04.23"]
[Round "4"]
[White "Sorensen, Tommy"]
[Black "Svava, Mogens"]
[Result "0-1"]
[WhiteElo "1383"]
[BlackElo "1432"]
[PlyCount "106"]
[EventDate "1993.03.26"]
[EventType "swiss"]
[EventRounds "7"]
[EventCountry "DEN"]
[SourceTitle "EXT 2023"]
[Source "ChessBase"]
[SourceDate "2022.10.05"]
[SourceVersion "1"]
[SourceVersionDate "2022.10.05"]
[SourceQuality "1"]

1. e4 c5 2. Nf3 Nc6 3. d4 cxd4 4. Nxd4 e6 5. Be2 Qa5+ 6. c3 Qe5 7. Nxc6 bxc6 8. Qd4 Qxd4 9. cxd4 Bb4+ 10. Nd2 Nf6 11. Bd3 0-0 12. 0-0 d5 13. e5 Nd7 14. a3 Be7 15. f4 a5 16. Nf3 Ba6 17. Rd1 c5 18. Be3 Bxd3 19. Rxd3 c4 20. Rc3 Rfb8 21. Rb1 Rb7 22. Bc1 Rab8 23. Nd2 a4 24. Kf2 Nb6 25. Ke3 Na8 26. Nxc4 dxc4 27. Rxc4 Rb3+ 28. Ke4 Nb6 29. Rc3 Nd5 30. Rxb3 Rxb3 31. Ra1 Nb6 32. g4 Nc4 33. Ra2 Bd8 34. g5 Ba5 35. d5 Bd2 36. Ra1 exd5+ 37. Kxd5 Ne3+ 38. Ke4 Nc2 39. Rb1 Ba5 40. h4 Bd8 41. Bd2 Be7 42. Bc3 Nxa3 43. Rd1 Nb5 44. f5 Nxc3+ 45. bxc3 Rxc3 46. f6 Bf8 47. h5 g6 48. h6 Rb3 49. Rd8 Rb4+ 50. Kd5 Rg4 51. e6 Rxg5+ 52. Kc6 fxe6 53. Rd7 Rf5 0-1